000 00495nam a2200181Ia 4500
005 20250508151935.0
008 008 250505s9999 xx 000 0 eng d
037 _aTextual
040 _aFEDL
_beng
_cFEDL
041 _aeng
_2eng
084 _a912, KEA
_qFEDL
100 _aKeates J S Ed.
_9760426
245 0 _aPenguin atlas of the World
260 _aHarmodsworth, UK
_bPenguin books Ltd.
_c1956
300 _axv,80p
942 _cTEXL
_h912, KEA
999 _c1333104
_d1333104